Sports Quiz

Random Sports or NBA Quiz

Letters Minefield: NBA Teams Quiz Stats

 Plays Quiz Updated Mar 25, 2016

Challenge
Share
Tweet
Embed
Score 0/14 Timer 01:00
1 Play Today
% Correct
???
85.2%
???
75.8%
???
74.2%
???
73.4%
???
73.4%
???
72.6%
???
72.1%
% Correct
???
69.8%
???
68.2%
???
67.4%
???
65.9%
???
65.3%
???
58.5%
???
45.9%

You're not logged in!

Compare scores with friends on all Sporcle quizzes.
Join for Free
OR
Log In

You Might Also Like...

Show Comments

Extras

Top Quizzes Today


Score Distribution

Your Account Isn't Verified!

In order to create a playlist on Sporcle, you need to verify the email address you used during registration. Go to your Sporcle Settings to finish the process.

Report this User

Report this user for behavior that violates our Community Guidelines.

Details: